|
|
|
|
| LEADER |
00883nam a2200217Ia 4500 |
| 001 |
CTU_161859 |
| 008 |
210402s9999 xx 000 0 und d |
| 020 |
|
|
|c 38000
|
| 082 |
|
|
|a 338.9597
|
| 082 |
|
|
|b Qu523
|
| 100 |
|
|
|a Nguyễn, Thị Quy
|
| 245 |
|
0 |
|a Các nhân tố ảnh hưởng tới cân bằng cán cân thương mại của Việt Nam :
|
| 245 |
|
0 |
|b Sách chuyên khảo
|
| 245 |
|
0 |
|c Nguyễn Thị Quy ( chủ biên ) ... [ et al. ]
|
| 260 |
|
|
|a Hà Nội
|
| 260 |
|
|
|b Khoa học và Kỹ thuật
|
| 260 |
|
|
|c 2009
|
| 650 |
|
|
|a Vietnam,Vietnam,Vietnam,Việt Nam,Việt Nam,Việt Nam
|
| 650 |
|
|
|x Economic development,Economic conditions,Economic policy,Phát trỉen kinh tế,Điều kiện kinh tế,Chính sách kinh tế
|
| 904 |
|
|
|i Qhieu
|
| 980 |
|
|
|a Trung tâm Học liệu Trường Đại học Cần Thơ
|